Capitals by picture #1 - Statistics

General Stats
  • This quiz has been taken 38 times
  • The average score is 5 of 10
Answer Stats
Picture Answer % Correct
London
100%
Ankara
83%
Bangkok
63%
Helsinki
57%
Ottawa
53%
Dublin
50%
Lima
27%
Nairobi
27%
Nassau
23%
Rabat
23%
No matching quizzes found
Score Distribution
Percent of People with Each Score
Percentile by Number Answered
Your Score History
You have not taken this quiz